| 000 | 00711nam a2200217 i 4500 | ||
|---|---|---|---|
| 001 | 23289 | ||
| 003 | ES-MaACL | ||
| 005 | 20250913172258.0 | ||
| 007 | t| | ||
| 008 | 021210s1972 sp ||||1| cat d | ||
| 100 | 1 |
_aAlomar, Gabriel. _920175 |
|
| 245 | 1 | 3 |
_aLa pena de mort / _cGabriel Alomar ; introducció: Antoni Serra. |
| 260 |
_a[Palma de Mallorca : _bJ. Mascaró Pasarius, _c1972] |
||
| 300 |
_a72 p., 1 lám. : _b1 retr. aut. ; _c19 cm. |
||
| 490 | 1 |
_aCol-lecció Turmeda ; _v8 |
|
| 650 | 0 | 7 |
_aPena de muerte _2embne _915915 |
| 700 | 1 |
_aSerra, Antoni, _d1936- _9105600 |
|
| 830 | 0 |
_aCol-lecció Turmeda ; _v8 _9229032 |
|
| 852 |
_aES-MaACL _jE-9606 _bR.84664 |
||
| 999 |
_c23289 _d23289 |
||